ARRUPE JESUIT UNIVERSITY

CORONAVIRUS -STOP THE SPREAD - CLEAN,DISINFECT,COVER

Philosophy : (Record no. 128703)

MARC details
000 -LEADER
fixed length control field 01749cam a2200313 a 4500
001 - CONTROL NUMBER
control field 15962351
003 - CONTROL NUMBER IDENTIFIER
control field ARRUPE
005 - DATE AND TIME OF LATEST TRANSACTION
control field 20181204102258.0
008 - FIXED-LENGTH DATA ELEMENTS--GENERAL INFORMATION
fixed length control field 091027s2010 mnu b 001 0 eng
010 ## - LIBRARY OF CONGRESS CONTROL NUMBER
LC control number 2009045526
020 ## - INTERNATIONAL STANDARD BOOK NUMBER
International Standard Book Number 9780814654743
020 ## - INTERNATIONAL STANDARD BOOK NUMBER
International Standard Book Number 0814654746
020 ## - INTERNATIONAL STANDARD BOOK NUMBER
International Standard Book Number 9780814657270 (ebook)
020 ## - INTERNATIONAL STANDARD BOOK NUMBER
International Standard Book Number 0814657273 (ebook)
035 ## - SYSTEM CONTROL NUMBER
System control number (OCoLC)ocn457164785
040 ## - CATALOGING SOURCE
Original cataloging agency DLC
Transcribing agency DLC
Modifying agency BTCTA
-- YDXCP
-- C#P
-- BWX
-- CDX
-- DLC
050 00 - LIBRARY OF CONGRESS CALL NUMBER
Classification number BD21
Item number .B325 2010
300 ## - PHYSICAL DESCRIPTION
Dimensions 23 cm.
100 1# - MAIN ENTRY--PERSONAL NAME
Personal name Beards, Andrew.
9 (RLIN) 958
245 10 - TITLE STATEMENT
Title Philosophy :
Remainder of title the quest for truth and meaning /
Statement of responsibility, etc Andrew Beards.
260 ## - PUBLICATION, DISTRIBUTION, ETC. (IMPRINT)
Place of publication, distribution, etc Collegeville, Minn. :
Name of publisher, distributor, etc Liturgical Press,
Date of publication, distribution, etc c2010.
300 ## - PHYSICAL DESCRIPTION
Extent ix, 142 p. ;
500 ## - GENERAL NOTE
General note "A Michael Glazier book."
504 ## - BIBLIOGRAPHY, ETC. NOTE
Bibliography, etc Includes bibliographical references and index.
505 0# - FORMATTED CONTENTS NOTE
Formatted contents note Preface -- What is this thing called "philosophy"? -- The process of coming to know -- Knowing in common sense, science, history, and art -- Positions on the theory of knowledge -- Metaphysics : what philosophy can tell us about reality -- A short introduction to ethics -- Philosophy of religion and the question of God -- Concluding remarks.
650 #0 - SUBJECT ADDED ENTRY--TOPICAL TERM
Topical term or geographic name as entry element Philosophy
Form subdivision Introductions.
9 (RLIN) 14761
856 42 - ELECTRONIC LOCATION AND ACCESS
Materials specified Contributor biographical information
Uniform Resource Identifier <a href="http://www.loc.gov/catdir/enhancements/fy1402/2009045526-b.html">http://www.loc.gov/catdir/enhancements/fy1402/2009045526-b.html</a>
856 42 - ELECTRONIC LOCATION AND ACCESS
Materials specified Publisher description
Uniform Resource Identifier <a href="http://www.loc.gov/catdir/enhancements/fy1402/2009045526-d.html">http://www.loc.gov/catdir/enhancements/fy1402/2009045526-d.html</a>
906 ## - LOCAL DATA ELEMENT F, LDF (RLIN)
a 7
b cbc
c orignew
d 1
e ecip
f 20
g y-gencatlg
942 ## - ADDED ENTRY ELEMENTS (KOHA)
Source of classification or shelving scheme Library of Congress Classification
Koha item type Monograph ( Printed materials)
Holdings
Withdrawn status Lost status Source of classification or shelving scheme Damaged status Not for loan Collection code Home library Current library Shelving location Date acquired Total Checkouts Full call number Barcode Date last seen Date checked out Price effective from Koha item type
    Library of Congress Classification     Main Collection ARRUPE LIBRARY ARRUPE LIBRARY Main Collection 04/12/2018 1 BD21 .B325 2010 46600002722 06/12/2022 19/11/2022 04/12/2018 Monograph ( Printed materials)

 

Arrupe Library. PO Box MP320 Mt Pleasant, Harare, Zimbabwe
263 242 745411|librarian@aju.ac.zw